| 000 | 01009nam a2200241 a 4500 | ||
|---|---|---|---|
| 001 | 81440 | ||
| 003 | BD-RjUL | ||
| 005 | 20240110110521.0 | ||
| 008 | 230523s2016 bg a|||| m||| 00| 0 eng d | ||
| 035 | _a(BD-RjUL)81440 | ||
| 040 |
_aBD-RjUL _beng _cBD-RjUL _dBD-RjUL |
||
| 041 | _aeng | ||
| 082 |
_223 _a353.977 _bREV 2016 |
||
| 100 |
_aReza, Mahmud Ali Masud _97617 |
||
| 245 |
_aThe Viability of Union Digital Center under public-Private Partnership towards E-governance in Rural Bangladesh / _cMahmud Ali Masud Reza ; _6Supervisor : Md. Fakrul Islam. |
||
| 260 |
_aRajshahi : _bInstitute of Bangladesh Studies, University of Rajshahi, _c2016. |
||
| 300 |
_axx. 240 leaves : _bill.; _c29 cm. |
||
| 502 | _aThesis(Ph.D.)-- Institute of Bangladesh Studies,University of Rajshahi,2016 | ||
| 504 | _aBibliography : Leaves 216-240 | ||
| 650 |
_aPublic sdministration _xPublic-private sector cooperation _vLocal government _zBangladesh _97618 |
||
| 700 |
_aIslam, Md. Fakrul, Supervisor _91395 |
||
| 942 |
_2ddc _cTHE |
||
| 999 |
_c81440 _d81440 |
||